ARRUPE JESUIT UNIVERSITY

CORONAVIRUS -STOP THE SPREAD - CLEAN,DISINFECT,COVER

Principles of biomedical ethics (Record no. 24704)

MARC details
000 -LEADER
fixed length control field 00491nam a2200193Ia 4500
003 - CONTROL NUMBER IDENTIFIER
control field 0100
008 - FIXED-LENGTH DATA ELEMENTS--GENERAL INFORMATION
fixed length control field 130303s9999 xx 000 0 und d
040 ## - CATALOGING SOURCE
Transcribing agency ARRUPELIB
050 ## - LIBRARY OF CONGRESS CALL NUMBER
Classification number R724.B36 1983
100 ## - MAIN ENTRY--PERSONAL NAME
Personal name Beauchamp, Tom L
245 ## - TITLE STATEMENT
Title Principles of biomedical ethics
260 ## - PUBLICATION, DISTRIBUTION, ETC. (IMPRINT)
Place of publication, distribution, etc Oxford
260 ## - PUBLICATION, DISTRIBUTION, ETC. (IMPRINT)
Name of publisher, distributor, etc Oxford UP
260 ## - PUBLICATION, DISTRIBUTION, ETC. (IMPRINT)
-- 1983
300 ## - PHYSICAL DESCRIPTION
Extent 364p
650 ## - SUBJECT ADDED ENTRY--TOPICAL TERM
Topical term following geographic name as entry element Spirituality -- Society of Friends -- Addresses
700 ## - ADDED ENTRY--PERSONAL NAME
Personal name by T.L. Beauchamp James F. Childress
942 00 - ADDED ENTRY ELEMENTS (KOHA)
Koha issues (borrowed), all copies 11
Holdings
Withdrawn status Lost status Source of classification or shelving scheme Damaged status Not for loan Collection code Home library Current library Shelving location Date acquired Total Checkouts Full call number Barcode Date last seen Date checked out Copy number Price effective from Koha item type
    Library of Congress Classification     Main Collection ARRUPE LIBRARY ARRUPE LIBRARY   04/03/2013 6 R724.B36 1983 46003070214 02/07/2019 25/11/2015 1 04/03/2013 Monograph ( Printed materials)
    Library of Congress Classification     Main Collection ARRUPE LIBRARY ARRUPE LIBRARY   04/03/2013 14 R724.B361983 46003070553 16/03/2023 27/02/2023 2 04/03/2013 Monograph ( Printed materials)
    Library of Congress Classification     Main Collection ARRUPE LIBRARY ARRUPE LIBRARY   04/03/2013 5 R724.B361983 46003070211 02/07/2019 30/11/2015 3 04/03/2013 Monograph ( Printed materials)
    Library of Congress Classification     Main Collection ARRUPE LIBRARY ARRUPE LIBRARY   04/03/2013 2 R724.B361983 46003070737 01/11/2021 25/10/2021 4 04/03/2013 Monograph ( Printed materials)
    Library of Congress Classification     Main Collection ARRUPE LIBRARY ARRUPE LIBRARY   04/03/2013 3 R724.B361983 46003070739 15/10/2020 14/08/2020 6 04/03/2013 Monograph ( Printed materials)
    Library of Congress Classification       ARRUPE LIBRARY ARRUPE LIBRARY   11/09/2015 4 R724.B36 1989 46411114 02/07/2019 12/04/2016   11/09/2015 Monograph ( Printed materials)

 

Arrupe Library. PO Box MP320 Mt Pleasant, Harare, Zimbabwe
263 242 745411|librarian@aju.ac.zw